000 00631nam a2200205Ia 4500
001 8993
003 GE_BSU
008 181216s||||||||xx |||||||||||||| ||und||
040 _cGE_BSU
080 _a821.353.1–32
100 _aკასრაძე,ქართლოს
245 _aნოველები
245 _cრედ.ვ.ჯავახაძე;მხატვ.დ.ზარაფიშვილი
260 _aთბილისი
260 _bსაბჭოთა საქართველო
260 _c1968
300 _a171გვ.16სმ
653 _aნოველები
942 _cBK
999 _c42298
_d42298